000 00614nam a2200205 4500
001 117517
003 ES-MaACL
005 20250808040855.0
007 t|
008 070214s1982 sp r ||||1| spa d
100 1 _aPanofsky, Erwin.
_988811
245 1 0 _aVida y arte de Alberto Durero /
_cErwin Panofsky ; versión de María Luisa Balseiro.
260 _aMadrid :
_bAlianza,
_c1982.
300 _a484 p., 78 lám. ;
_c23 cm.
490 1 _aAlianza forma
700 1 _aBalseiro, María Luisa.
_925113
830 0 0 _aAlianza forma
_9177869
852 _aES-MaACL
_jL-4439
_bR.105228
999 _c117517
_d117517